000 00496nam a2200181Ia 4500
003 GCL
008 140319s9999 xx 000 0 eng d
040 _aGCL /
_cGCL
082 0 4 _a657
_bW A
100 1 _aWILKINSON, JOSEPH W.
245 1 0 _aACCOUNTING AND INFORMATION SYSTEMS /
_cWILKINSON, JOSEPH W.
260 _a[S.N] :
_bJOHN WILEY AND SONS. INC ،
_c1991
300 _a1257 P
650 0 4 _aشعر الحرب
650 0 4 _aINFORMATION SYSTEMS
650 0 4 _aACCOUNTING
942 _2ddc
_cBK
999 _c16685
_d16685